Statistics for Guess the Taylor Swift Song (no hints) 133

Click here to take the quiz!

General Stats

  • This quiz has been taken 19 times
  • The average score is 169 of 229

Answer Stats

Answer% Correct
I
100%
a
95%
do
95%
is
95%
me
95%
the
95%
you?
95%
you,
95%
you
95%
You
95%
but
89%
But
89%
(But
89%
don't
89%
Don't
89%
I'm
89%
It's
89%
like
89%
to
89%
And
84%
and
84%
go
84%
I'd
84%
my
84%
My
84%
of
84%
on
84%
So
84%
we're
84%
at
79%
if
79%
I've
79%
that
79%
can
74%
just
74%
love
74%
this
74%
what
74%
been
68%
can't
68%
say
68%
why
68%
with
68%
ah
63%
Ah,
63%
ah,
63%
know
63%
out
63%
you've
63%
ask
58%
how
58%
knew
58%
see
58%
again
53%
could
53%
didn't
53%
that's
53%
want
53%
heart
47%
here
47%
life
47%
feel
42%
friends
42%
happy
42%
hate
42%
Hey,
42%
into
42%
knows
42%
make
42%
missed
42%
much
42%
nothin'
42%
she's
42%
somethin'
42%
stare
42%
still
42%
tried,
42%
truth
42%
Try
42%
wanna
42%
while,
42%
wish
42%
wouldn't
42%
heard
37%
mean
37%
pretend)
37%
really
37%
run
37%
she'll
37%
smile
37%
Sometimes
37%
somewhere
37%
sure
37%
swore
37%
tonight
37%
walk
37%

Score Distribution

Percentile by Number Answered

Percent of People with Each Score

Your Score History

You have not taken this quiz